The Arab Christian : a history in the Middle East /

محفوظ في:

المؤلف الرئيسي: Cragg, Kenneth,‪ 1913-2012 (مؤلف)

التنسيق: كتاب

اللغة: English

منشور في: Louisville, Ky. : Westminster/John Knox Press, c1991.

الطبعة: 1st ed.

الموضوعات:

الوسوم: إضافة وسم

لا توجد وسوم, كن أول من يضع وسما على هذه التسجيلة!

رقم الطلب: BR1067 .A7 C74 1991

LEADER 00835nam a2200265Ia 4500
003 OSt
005 20251014114430.0
008 130303s1991 kyu b 001 0 eng d
010 |a  91015206 
020 |a 0664219454 
040 |c ARCE Library 
043 |a ma----- 
050 4 |a BR1067 .A7 C74 1991 
100 1 |a Cragg, Kenneth,‪   |d 1913-2012,   |e author. 
245 1 4 |a The Arab Christian :   |b a history in the Middle East /   |c Kenneth Cragg. 
250 |a 1st ed. 
264 1 |a Louisville, Ky. :  |b Westminster/John Knox Press,  |c c1991. 
300 |a 336 pages ;   |c 24 cm. 
504 |a Includes bibliographical references (pages 305-316) and index. 
650 0 |a Christians  |z Arab countries  |x History. 
650 0 |a Arabs  |x Religion. 
651 0 |a Arab countries  |x Church history. 
901 |a reviewed 
942 |c BK  |2 lcc 
999 |c 31360  |d 31360